Welcome to Marium Abdulla Library

Embrace knowledge with a breath of fresh air.

Browse Collection

Marium Abdulla Library

Environmental Control In Buildings (Record no. 11588)

MARC details
000 -LEADER
fixed length control field 01679nam a2200265Ia 4500
001 - CONTROL NUMBER
control field 15069
003 - CONTROL NUMBER IDENTIFIER
control field OSt
005 - DATE AND TIME OF LATEST TRANSACTION
control field 20251104114616.0
008 - FIXED-LENGTH DATA ELEMENTS--GENERAL INFORMATION
fixed length control field 211022s9999 xx 000 0 und d
020 ## - INTERNATIONAL STANDARD BOOK NUMBER
International Standard Book Number 9780992772611
040 ## - CATALOGING SOURCE
Transcribing agency IVS
082 ## - DEWEY DECIMAL CLASSIFICATION NUMBER
Classification number 720 AHM
Edition information 23
Item number 15069
100 ## - MAIN ENTRY--PERSONAL NAME
Personal name Ahmad, Aijaz
245 #0 - TITLE STATEMENT
Title Environmental Control In Buildings
260 ## - PUBLICATION, DISTRIBUTION, ETC.
Place of publication, distribution, etc. London
260 ## - PUBLICATION, DISTRIBUTION, ETC.
Name of publisher, distributor, etc. Academic Press and Publishers
260 ## - PUBLICATION, DISTRIBUTION, ETC.
Date of publication, distribution, etc. 2013
300 ## - PHYSICAL DESCRIPTION
Extent 205 Pages.
520 ## - SUMMARY, ETC.
Summary, etc. "Environmental Control in Buildings" by Aijaz Ahmad delves into the critical aspects of managing and optimizing environmental conditions within built environments. The book addresses the interplay between various systems that contribute to indoor environmental quality, including heating, ventilation, air conditioning (HVAC), lighting, acoustics, and building materials. Ahmad emphasizes sustainable practices and technologies aimed at reducing energy consumption and enhancing occupant comfort and health.<br/><br/>Key topics include the principles of thermal comfort, strategies for natural ventilation, and the integration of renewable energy sources in building design. The author also discusses the implications of environmental control systems on occupant productivity and well-being, highlighting the importance of user-centric design. Furthermore, the text explores regulatory frameworks and standards that guide environmental control in buildings, providing case studies that illustrate successful implementations in various contexts.
650 ## - SUBJECT ADDED ENTRY--TOPICAL TERM
Topical term or geographic name entry element Environmental Control
650 ## - SUBJECT ADDED ENTRY--TOPICAL TERM
Topical term or geographic name entry element Indoor Air Quality
650 ## - SUBJECT ADDED ENTRY--TOPICAL TERM
Topical term or geographic name entry element Sustainable Design
650 ## - SUBJECT ADDED ENTRY--TOPICAL TERM
Topical term or geographic name entry element Natural Ventilation
942 ## - ADDED ENTRY ELEMENTS (KOHA)
Koha item type Book
Source of classification or shelving scheme Dewey Decimal Classification
Suppress in OPAC No
Holdings
Date last seen Total checkouts Full call number Barcode Copy number Price effective from Koha item type Lost status Source of classification or shelving scheme Damaged status Not for loan Collection Withdrawn status Home library Current library Shelving location Date acquired Cost, normal purchase price
10/26/2021   720 AHM 15068 1 10/26/2021 Book   Dewey Decimal Classification     Architecture   Marium Abdulla Library Marium Abdulla Library Non-Ref 01/16/2015 4500.00
10/26/2021   720 AHM 15069 2 10/26/2021 Book   Dewey Decimal Classification     Architecture   Marium Abdulla Library Marium Abdulla Library Non-Ref 01/16/2015 2500.00
10/26/2021   720 AHM 15070 3 10/26/2021 Book   Dewey Decimal Classification     Architecture   Marium Abdulla Library Marium Abdulla Library Non-Ref 01/16/2015 2500.00